Die Gebuhren im Deutschen Reich 1923-1933 (Record no. 1681)

000 -LEADER
fixed length control field 00470nam a22000977a 4500
008 - FIXED-LENGTH DATA ELEMENTS--GENERAL INFORMATION
fixed length control field 150810b xxu||||| |||| 00| 0 ger d
100 ## - MAIN ENTRY--AUTHOR'S NAME
Author's Name Hueske, Paul-Jurgen
245 ## - TITLE STATEMENT
Title Die Gebuhren im Deutschen Reich 1923-1933
Remainder of title INFLA-Bucherei ; 42. Deutsches Reich : Die Gebuhren im Deutschen Reich 1923-1933
260 ## - PUBLICATION, DISTRIBUTION, ETC. (IMPRINT)
Name of publisher, distributor, etc. INFLA-Berlin Verein der Deutschlandsammler e.V.
Date of publication, distribution, etc. 1998
500 ## - GENERAL NOTE
Materials specified Text in German.<br/>Translation of title: German Reich : The postal rates in the German Reich 1923-1933.
Holdings
Withdrawn status Lost status Source of classification or shelving scheme Damaged status Koha normalized classification for sorting Not for loan Permanent Location Current Location Date acquired Total Checkouts Full call number Barcode Date last seen Copy number Price effective from Koha item type
        G6081 I43 H8879   Northern Philatelic Library Northern Philatelic Library 08/10/2015   G6081 .I43 H8879 1001953 08/10/2015 1 08/10/2015 Books

Powered by Koha